000 01635nam a2200445 i 4500
001 46541
003 KOSZ 005
005 20230112105303.0
008 060309s2005 pl |000 0 pol
015 _aUWD 2006/5520
020 _a8389879026
035 _a991028260329705066
035 _a(PL-WaBN)b17651372-48omnis_nlop
035 _ab17651372
035 _a(OCoLC)838776840
035 _azz2005888041
035 _a(PL)b0000001765137
035 _a(EXLNZ-48OMNIS_NETWORK)9910393566605606
040 _aWA N
_cWA N
_dKOSZ 005/HR
046 _k2005
080 _a339.54(4-67)
100 1 _aMiklaszewski, Stanisław
_d(1947-2011)
_eAutor
245 1 0 _aZagraniczna polityka handlowa Unii Europejskiej /
_cStanisław Miklaszewski ; MałopolskaWyższa Szkoła Ekonomiczna w Tarnowie.
246 1 8 _aZagraniczna polityka handlowa UE
260 _aTarnów :
_bWydawnictwo Małopolskiej Wyższej Szkoły Ekonomicznej,
_c2005.
300 _a180 s. ;
_c24 cm.
336 _aTekst
_btxt
_2rdacontent
337 _aBez urządzenia pośredniczącego
_bn
_2rdamedia
338 _aWolumin
_bnc
_2rdacarrier
380 _aKsiążki
388 _a2001-
504 _aBibliogr. s. 174-180.
650 7 _aWspólna Polityka Handlowa UE
_2DBN
658 _aGospodarka, ekonomia, finanse
658 _aPolityka, politologia, administracja publiczna
710 2 _aMałopolska Wyższa Szkoła Ekonomiczna (Tarnów)
_4pbl
856 _uhttp://koha.tu.koszalin.pl/cgi-bin/koha/opac-detail.pl?biblionumber=46541
_yKatalog online BPK
942 _2UKD
_cKS
999 _c46541
_d46541